| 000 -LEADER |
| fixed length control field |
00568nam a22001937a 4500 |
| 001 - CONTROL NUMBER |
| control field |
19265 |
| 003 - CONTROL NUMBER IDENTIFIER |
| control field |
BD-DhUAP |
| 005 - DATE AND TIME OF LATEST TRANSACTION |
| control field |
20200318110637.0 |
| 008 - FIXED-LENGTH DATA ELEMENTS--GENERAL INFORMATION |
| fixed length control field |
200318s b f000 0 eng |
| 040 ## - CATALOGING SOURCE |
| Original cataloging agency |
BD-DhUAP |
| Transcribing agency |
BD-DhUAP |
| Modifying agency |
BD-DhUAP |
| Language of cataloging |
Eng |
| 082 ## - DEWEY DECIMAL CLASSIFICATION NUMBER |
| Classification number |
882.01 SOP |
| Edition number |
23 |
| 100 ## - MAIN ENTRY--PERSONAL NAME |
| Personal name |
Sophocles. |
| 245 ## - TITLE STATEMENT |
| Title |
Sophocles : |
| Remainder of title |
King Oedipus, Odeipus at colonus and Antigone / |
| Statement of responsibility, etc. |
Sophocles. |
| 260 ## - PUBLICATION, DISTRIBUTION, ETC. |
| Place of publication, distribution, etc. |
New York : |
| Name of publisher, distributor, etc. |
[...?], |
| Date of publication, distribution, etc. |
[...?]. |
| 300 ## - PHYSICAL DESCRIPTION |
| Extent |
168 pages ; |
| Dimensions |
18 cm. |
| 650 ## - SUBJECT ADDED ENTRY--TOPICAL TERM |
| Topical term or geographic name entry element |
Antigone |
| Form subdivision |
Mythological character |
| 650 ## - SUBJECT ADDED ENTRY--TOPICAL TERM |
| Topical term or geographic name entry element |
Greek drama |
| Form subdivision |
Tragedy. |
| 942 ## - ADDED ENTRY ELEMENTS (KOHA) |
| Source of classification or shelving scheme |
|
| Koha item type |
Book |